| 000 | 00476nam a2200157 a 4500 | ||
|---|---|---|---|
| 005 | 20140414131859.0 | ||
| 008 | 100907s19uu xx 00 eng d | ||
| 050 |
_aFIL 338.173 _bR67 2006 |
||
| 100 | _aRodrigo, Didith Tan | ||
| 245 | _aVietnam's son. | ||
| 260 |
_aMakati, Philippines : _bBookmark, _cc2006. |
||
| 440 | _aGreat men and women of Asia- children's series | ||
| 650 |
_aRice _xEconomic aspects _xVietnam _xJuvenile literature |
||
| 650 |
_a _x |
||
| 999 |
_c110573 _d110573 |
||